Egg or Not? - Statistics

General Stats
  • This quiz has been taken 33 times
  • The average score is 13 of 20
Answer Stats
Hint Answer % Correct
Fried Egg Egg
96%
Scrambled Egg Egg
92%
Hard Boiled Egg Egg
92%
Deviled Egg Egg
88%
Poached Egg Egg
85%
Over Easy Egg Egg
85%
Eggs Benedict Egg
81%
Egg of the Sun Not
77%
Baked Egg Egg
65%
Eggplant Not
65%
Eggspice Not
65%
Chocolate Egg Not
58%
Kinder Egg Not
58%
Tokyo Egg Not
58%
Basted Egg Egg
54%
Eggnog Egg
54%
Yorkie Egg Not
42%
Sweetened Egg Not
42%
Splattered Egg Not
38%
Cracked Egg Not
15%
No matching quizzes found
Score Distribution
Percent of People with Each Score
Percentile by Number Answered
Your Score History
You have not taken this quiz